000 00526nam a2200169 a 4500
001 000014296
005 20200929163549.0
008 091209s1978 dr 000 0 spa d
040 _aDO-SdBNP
_bspa
_cBNPHU
082 _axxx
_bT266m
100 1 _aTejada, Argelia
_932257
245 1 0 _aMetodología de una experienciaen en el sector rural /
_cArgelia Tejada.
260 _aSanto Domingo :
_bServicios Gráficos Diversos,
_c1978.
300 _a35 p. ;
_c29 cm.
500 _aIncluye notas al pie de las páginas
049 _aBNPD
999 _c13892
_d13892